Peter Cottontail's Surprise. (Запис № 536078)

МАРК-запис
000 -LEADER
fixed length control field 01131cam a2200241 a 4500
001 - CONTROL NUMBER
control field petercottontails00unic
003 - CONTROL NUMBER IDENTIFIER
control field CaSfIA
005 - DATE AND TIME OF LATEST TRANSACTION
control field 20210118205947.0
007 - PHYSICAL DESCRIPTION FIXED FIELD--GENERAL INFORMATION
fixed length control field cr||||
008 - FIXED-LENGTH DATA ELEMENTS--GENERAL INFORMATION
fixed length control field 930719s1992 xxk | 000 ||und|d
020 ## - INTERNATIONAL STANDARD BOOK NUMBER
International Standard Book Number 0881010650
035 ## - SYSTEM CONTROL NUMBER
System control number (UK-BiTAL)ed513f5f0df9467ba13b9ea42410bd52
035 ## - SYSTEM CONTROL NUMBER
System control number ()0881010650
040 ## - CATALOGING SOURCE
Original cataloging agency UK-BiTAL
Transcribing agency UK-BiTAL
Modifying agency UK-BiTAL
-- BIBLIOS
-- CaSfIA
245 10 - TITLE STATEMENT
Title Peter Cottontail's Surprise.
Medium [electronic resource]
260 ## - PUBLICATION, DISTRIBUTION, ETC. (IMPRINT)
Name of publisher, distributor, etc Unicorn House,U.S.,
Date of publication, distribution, etc Apr 92, Ashford,Buchan & Enright.
300 ## - PHYSICAL DESCRIPTION
Extent 25cm.44. Col.ill.
506 ## - RESTRICTIONS ON ACCESS NOTE
Standardized terminology for access restriction Необхідна авторизація на https://archive.org/ (створення облікового запису безкоштовно)
506 ## - RESTRICTIONS ON ACCESS NOTE
Standardized terminology for access restriction Необхідна авторизація на https://openlibrary.org/ (створення облікового запису безкоштовно)
856 41 - ELECTRONIC LOCATION AND ACCESS
Uniform Resource Identifier <a href="http://www.archive.org/details/petercottontails00unic">http://www.archive.org/details/petercottontails00unic</a>
Public note Free eBook from the Internet Archive
856 42 - ELECTRONIC LOCATION AND ACCESS
Uniform Resource Identifier <a href="http://www.openlibrary.org/books/OL20558015M">http://www.openlibrary.org/books/OL20558015M</a>
Public note Additional information and access via Open Library
942 ## - ADDED ENTRY ELEMENTS (KOHA)
Koha item type ЕКнига

Немає доступних примірників.